Statistics for Countries that border the United Kingdom

Click here to take the quiz!

General Stats

  • This quiz has been taken 24 times
  • The average score is 14 of 25

Answer Stats

Answer% Correct
Ireland
96%
France
92%
Spain
88%
Belgium
79%
Netherlands
79%
United States
79%
Denmark
75%
Germany
63%
Morocco
63%
Norway
63%
Argentina
58%
Cuba
58%
Dominican Republic
58%
Antigua and Barbuda
54%
Haiti
54%
Jamaica
54%
Saint Kitts and Nevis
54%
Bahamas
50%
Cyprus
38%
Colombia
33%
Venezuela
33%
Honduras
29%
Maldives
25%
Egypt
17%
Lebanon
13%

Score Distribution

Percentile by Number Answered

Percent of People with Each Score

Your Score History

You have not taken this quiz